00798nam a2200241Ia 450000100060000000300090000600800410001504000130005604000130006904100120008210000240009410000290011824500660014724500730021325000110028626000110029726000270030826000490033530000590038450000660044365000160050965000310052576377IT-RoPAU130308s9999 xx 000 0 und d aIT-RoPAU cIT-RoPAU aINGLESE aIndrasuta Chantanee gCodice Aut. SPICS: 26543 aNarrative styles in the Writing of Thai and American Students bWriting Across Languages And Cultures-Issues in contrastive Rhetoric a1a ed. aLONDON bSage Publications B.H. c1988 [1° Ed.:1988 - Ed.Ling.Originale:1988] a"21 p. (prefazione: no ; testo: 21 [pagine: 206-226])" aStili Narrativi Negli scritti degli Studenti Thai e Americani aLINGUISTICA eCodice materia Spics: 3201